| 000 | 00707nam a2200217 ar4500 | ||
|---|---|---|---|
| 001 | 948 | ||
| 005 | 20221127090056.0 | ||
| 008 | 080719s xxu 00110|eng d | ||
| 020 |
_a1573561134 : _cSR201.00 |
||
| 082 | 0 | 4 |
_a378.0520973 _bOb1 1997 |
| 100 | 1 | _aO'Banion, Jerry. | |
| 245 | 1 | 2 |
_aA learning college for the 21st century / _cJ. O'Banion. |
| 260 |
_aPhoenix, Ariz. : _bAmerican Council on Education : _bOryx Press, _c1997. |
||
| 300 |
_axx, 260 p. ; _c23 cm. |
||
| 440 | 0 | _aOryx Press series on higher education. | |
| 504 | _aIncludes bibl. references and index. | ||
| 650 | 4 |
_aCommunity college _zUnited States. |
|
| 650 | 4 | _aLearning. | |
| 650 | 4 | _aCollege teaching. | |
| 650 | 4 | _aEducation, Higher. | |
| 999 |
_c948 _d948 |
||